<?xml version="1.0" encoding="UTF-8"?><?xml-stylesheet type="text/xsl" href="static/style.xsl"?><OAI-PMH xmlns="http://www.openarchives.org/OAI/2.0/" xmlns:xsi="http://www.w3.org/2001/XMLSchema-instance" xsi:schemaLocation="http://www.openarchives.org/OAI/2.0/ http://www.openarchives.org/OAI/2.0/OAI-PMH.xsd"><responseDate>2026-04-18T06:06:48Z</responseDate><request verb="GetRecord" identifier="oai:www.recercat.cat:11351/11972" metadataPrefix="marc">https://recercat.cat/oai/request</request><GetRecord><record><header><identifier>oai:recercat.cat:11351/11972</identifier><datestamp>2024-11-01T01:13:41Z</datestamp><setSpec>com_2072_378070</setSpec><setSpec>com_2072_378040</setSpec><setSpec>col_2072_378092</setSpec></header><metadata><record xmlns="http://www.loc.gov/MARC21/slim" xmlns:dcterms="http://purl.org/dc/terms/" xmlns:xsi="http://www.w3.org/2001/XMLSchema-instance" xmlns:doc="http://www.lyncode.com/xoai" xsi:schemaLocation="http://www.loc.gov/MARC21/slim http://www.loc.gov/standards/marcxml/schema/MARC21slim.xsd">
   <leader>00925njm 22002777a 4500</leader>
   <datafield ind2=" " ind1=" " tag="042">
      <subfield code="a">dc</subfield>
   </datafield>
   <datafield ind2=" " ind1=" " tag="720">
      <subfield code="a">Bancroft, Elizabeth</subfield>
      <subfield code="e">author</subfield>
   </datafield>
   <datafield ind2=" " ind1=" " tag="720">
      <subfield code="a">Page-Gould, Elizabeth</subfield>
      <subfield code="e">author</subfield>
   </datafield>
   <datafield ind2=" " ind1=" " tag="720">
      <subfield code="a">Brook, Mark</subfield>
      <subfield code="e">author</subfield>
   </datafield>
   <datafield ind2=" " ind1=" " tag="720">
      <subfield code="a">Pope, Jennifer</subfield>
      <subfield code="e">author</subfield>
   </datafield>
   <datafield ind2=" " ind1=" " tag="720">
      <subfield code="a">Thomas, Sarah</subfield>
      <subfield code="e">author</subfield>
   </datafield>
   <datafield ind2=" " ind1=" " tag="720">
      <subfield code="a">Myhill, Kathryn Jane</subfield>
      <subfield code="e">author</subfield>
   </datafield>
   <datafield ind2=" " ind1=" " tag="720">
      <subfield code="a">Perez Ballestero, Eduard</subfield>
      <subfield code="e">author</subfield>
   </datafield>
   <datafield ind2=" " ind1=" " tag="720">
      <subfield code="a">Cruellas , Mara</subfield>
      <subfield code="e">author</subfield>
   </datafield>
   <datafield ind2=" " ind1=" " tag="260">
      <subfield code="c">2024-09-27T08:13:36Z</subfield>
   </datafield>
   <datafield ind2=" " ind1=" " tag="260">
      <subfield code="c">2024-09-27T08:13:36Z</subfield>
   </datafield>
   <datafield ind2=" " ind1=" " tag="260">
      <subfield code="c">2024-09</subfield>
   </datafield>
   <datafield ind2=" " ind1=" " tag="520">
      <subfield code="a">Genetic screening; Prostate cancer; Psychosocial</subfield>
   </datafield>
   <datafield ind2=" " ind1=" " tag="520">
      <subfield code="a">Cribratge genètic; Càncer de pròstata; Psicosocial</subfield>
   </datafield>
   <datafield ind2=" " ind1=" " tag="520">
      <subfield code="a">Cribado genético; Cáncer de próstata; Psicosocial</subfield>
   </datafield>
   <datafield ind2=" " ind1=" " tag="520">
      <subfield code="a">Objectives&#xd;
To report the long-term outcomes from a longitudinal psychosocial study that forms part of the ‘Identification of Men with a genetic predisposition to ProstAte Cancer: Targeted Screening in men at higher genetic risk and controls’ (IMPACT) study. The IMPACT study is a multi-national study of targeted prostate cancer (PrCa) screening in individuals with a known germline pathogenic variant (GPV) in either the BReast CAncer gene 1 (BRCA1) or the BReast CAncer gene 2 (BRCA2).&#xd;
Subjects and Methods&#xd;
Participants enrolled in the IMPACT study were invited to complete a psychosocial questionnaire prior to each annual screening visit for a minimum of 5 years. The questionnaire included questions on sociodemographics and the following measures: Hospital Anxiety and Depression Scale, Impact of Event Scale, 36-item Short-Form Health Survey, Memorial Anxiety Scale for PrCa, Cancer Worry Scale, risk perception and knowledge.&#xd;
Results&#xd;
A total of 760 participants completed questionnaires: 207 participants with GPV in BRCA1, 265 with GPV in BRCA2 and 288 controls (non-carriers from families with a known GPV). We found no evidence of clinically concerning levels of general or cancer-specific distress or poor health-related quality of life in the cohort as a whole. Individuals in the control group had significantly less worry about PrCa compared with the carriers; however, all mean scores were low and within reported general population norms, where available. BRCA2 carriers with previously high prostate-specific antigen (PSA) levels experience a small but significant increase in PrCa anxiety (P = 0.01) and PSA-specific anxiety (P &lt; 0.001). Cancer risk perceptions reflected information provided during genetic counselling and participants had good levels of knowledge, although this declined over time.&#xd;
Conclusion&#xd;
This is the first study to report the longitudinal psychosocial impact of a targeted PrCa screening programme for BRCA1 and BRCA2 carriers. The results reassure that an annual PSA-based screening programme does not have an adverse impact on psychosocial health or health-related quality of life in these higher-risk individuals. These results are important as more PrCa screening is targeted to higher-risk groups.</subfield>
   </datafield>
   <datafield ind2=" " ind1=" " tag="520">
      <subfield code="a">We thank all of the participants who took part in this research. This research was sponsored by the Institute of Cancer Research, London, UK and is supported by grants from Cancer Research UK (Grant references (C5047/A21332, C5047/A13232 and C5047/A17528)) and the Ronald and Rita McAulay Foundation and the Peacock Charitable Trust. We acknowledge funding from the UK National Institute for Health Research (NIHR) to the Biomedical Research Centre at The Institute of Cancer Research and the Royal Marsden NHS Foundation Trust, London, at Manchester University Foundation Trust (IS-BRC-1215-20007), the Oxford Biomedical Research Centre Programme, and the Cambridge Clinical Research Centre, NIHR Cambridge Biomedical Research Centre (NIHR203312). We thank Mr and Mrs Jack Baker for supporting the study in NorthShore University Health System, Evanston, IL, USA.</subfield>
   </datafield>
   <datafield ind1="8" ind2=" " tag="024">
      <subfield code="a">http://hdl.handle.net/11351/11972</subfield>
   </datafield>
   <datafield tag="653" ind2=" " ind1=" ">
      <subfield code="a">Pròstata - Càncer - Diagnòstic</subfield>
   </datafield>
   <datafield tag="653" ind2=" " ind1=" ">
      <subfield code="a">Enquestes</subfield>
   </datafield>
   <datafield tag="653" ind2=" " ind1=" ">
      <subfield code="a">Cribatge genètic</subfield>
   </datafield>
   <datafield tag="653" ind2=" " ind1=" ">
      <subfield code="a">Pròstata - Càncer - Propensió</subfield>
   </datafield>
   <datafield tag="653" ind2=" " ind1=" ">
      <subfield code="a">Estrès</subfield>
   </datafield>
   <datafield tag="653" ind2=" " ind1=" ">
      <subfield code="a">ANALYTICAL, DIAGNOSTIC AND THERAPEUTIC TECHNIQUES, AND EQUIPMENT::Investigative Techniques::Epidemiologic Methods::Data Collection::Surveys and Questionnaires</subfield>
   </datafield>
   <datafield tag="653" ind2=" " ind1=" ">
      <subfield code="a">DISEASES::Neoplasms::Neoplasms by Site::Urogenital Neoplasms::Genital Neoplasms, Male::Prostatic Neoplasms</subfield>
   </datafield>
   <datafield tag="653" ind2=" " ind1=" ">
      <subfield code="a">DISEASES::Pathological Conditions, Signs and Symptoms::Pathologic Processes::Disease Attributes::Disease Susceptibility::Genetic Predisposition to Disease</subfield>
   </datafield>
   <datafield tag="653" ind2=" " ind1=" ">
      <subfield code="a">ANALYTICAL, DIAGNOSTIC AND THERAPEUTIC TECHNIQUES, AND EQUIPMENT::Diagnosis::Early Diagnosis::Early Detection of Cancer</subfield>
   </datafield>
   <datafield tag="653" ind2=" " ind1=" ">
      <subfield code="a">PSYCHIATRY AND PSYCHOLOGY::Behavior and Behavior Mechanisms::Behavior::Behavioral Symptoms::Stress, Psychological</subfield>
   </datafield>
   <datafield tag="653" ind2=" " ind1=" ">
      <subfield code="a">TÉCNICAS Y EQUIPOS ANALÍTICOS, DIAGNÓSTICOS Y TERAPÉUTICOS::técnicas de investigación::métodos epidemiológicos::recopilación de datos::encuestas y cuestionarios</subfield>
   </datafield>
   <datafield tag="653" ind2=" " ind1=" ">
      <subfield code="a">ENFERMEDADES::neoplasias::neoplasias por localización::neoplasias urogenitales::neoplasias de los genitales masculinos::neoplasias de la próstata</subfield>
   </datafield>
   <datafield tag="653" ind2=" " ind1=" ">
      <subfield code="a">ENFERMEDADES::afecciones patológicas, signos y síntomas::procesos patológicos::atributos de la enfermedad::susceptibilidad a enfermedades::predisposición genética a la enfermedad</subfield>
   </datafield>
   <datafield tag="653" ind2=" " ind1=" ">
      <subfield code="a">TÉCNICAS Y EQUIPOS ANALÍTICOS, DIAGNÓSTICOS Y TERAPÉUTICOS::diagnóstico::diagnóstico precoz::detección precoz del cáncer</subfield>
   </datafield>
   <datafield tag="653" ind2=" " ind1=" ">
      <subfield code="a">PSIQUIATRÍA Y PSICOLOGÍA::conducta y mecanismos de la conducta::conducta::síntomas conductuales::estrés psicológico</subfield>
   </datafield>
   <datafield ind2="0" ind1="0" tag="245">
      <subfield code="a">The psychosocial impact of prostate cancer screening for BRCA1 and BRCA2 carriers</subfield>
   </datafield>
</record></metadata></record></GetRecord></OAI-PMH>